[Event "Torun-Bydgoszcz"]
[Site "Torun"]
[Date "2001.12.09"]
[Round "1"]
[White "Olszewski, Marek"]
[Black "Trabszys, Tomasz"]
[Result "1-0"]
[WhiteElo "2176"]
[BlackElo "2281"]
[PlyCount "73"]
[EventDate "2001.12.09"]
[EventType "team-match"]
[EventRounds "1"]
[EventCountry "POL"]
[SourceTitle "EXT 2018"]
[Source "ChessBase"]
[SourceDate "2017.10.13"]
[SourceVersion "1"]
[SourceVersionDate "2017.10.13"]
[SourceQuality "1"]

1. e4 e6 2. d4 b6 3. Nf3 Bb7 4. Bd3 d6 5. 0-0 Nd7 6. c4 Ngf6 7. Nc3 e5 8. d5 Be7 9. Rb1 0-0 10. Ne2 Nc5 11. Ng3 Nxd3 12. Qxd3 Bc8 13. b4 a5 14. a3 Re8 15. Bd2 axb4 16. axb4 h5 17. Rfc1 h4 18. Nf1 Nh5 19. Ra1 Rxa1 20. Rxa1 Bd7 21. Ra7 Rf8 22. c5 f5 23. cxb6 cxb6 24. Qe2 g6 25. Bh6 Rf7 26. Qa6 Kh7 27. Be3 fxe4 28. Bxb6 Qf8 29. N3d2 Bf5 30. Qc4 Nf6 31. Be3 Qc8 32. b5 Kg7 33. b6 Bd8 34. Qxc8 Bxc8 35. Ra8 Nxd5 36. Rxc8 Nxe3 37. Rxd8 1-0

[Event "POL-ch U18"]
[Site "Zakopane"]
[Date "2001.01.26"]
[Round "11"]
[White "Trabszys, Tomasz"]
[Black "Paterek, Michal"]
[Result "1/2-1/2"]
[WhiteElo "2120"]
[BlackElo "2141"]
[PlyCount "46"]
[EventDate "2001.01.16"]
[EventType "swiss"]
[EventRounds "11"]
[EventCountry "POL"]
[SourceTitle "EXT 2002"]
[Source "ChessBase"]
[SourceDate "2001.11.25"]
[SourceVersion "1"]
[SourceVersionDate "2001.11.25"]
[SourceQuality "1"]

1. e4 c5 2. c3 d5 3. exd5 Qxd5 4. d4 Nc6 5. dxc5 Qxc5 6. Na3 Nf6 7. Nb5 Qe5+ 8. Qe2 Qb8 9. Nf3 a6 10. Nbd4 Nxd4 11. Nxd4 Bg4 12. f3 Bd7 13. Bg5 Qc7 14. 0-0-0 Qa5 15. Bxf6 gxf6 16. Kb1 e6 17. Qe4 0-0-0 18. Bc4 Qb6 19. Rhe1 Bc5 20. Bb3 Kb8 21. g3 Ka7 22. f4 f5 23. Qe5 Bc8 1/2-1/2

[Event "POL-chT U19 2nd League"]
[Site "Krynica"]
[Date "2001.??.??"]
[Round "2"]
[White "Debowiak, Marcin"]
[Black "Trabszys, Tomasz"]
[Result "0-1"]
[WhiteElo "2135"]
[BlackElo "2200"]
[PlyCount "50"]
[EventDate "2001.07.16"]
[EventType "team-swiss"]
[EventRounds "11"]
[EventCountry "POL"]
[SourceTitle "EXT 2003"]
[Source "ChessBase"]
[SourceDate "2002.11.25"]
[SourceVersion "1"]
[SourceVersionDate "2002.11.25"]
[SourceQuality "1"]
[WhiteTeam "Leszno Wieniawa U19"]
[BlackTeam "Torun Apator U19"]
[WhiteTeamCountry "POL"]
[BlackTeamCountry "POL"]

1. e4 e6 2. d4 b6 3. Bd3 Bb7 4. Nf3 d6 5. 0-0 Nd7 6. c4 Ngf6 7. d5 e5 8. Nc3 Be7 9. Rb1 0-0 10. b4 Nh5 11. Ne2 Re8 12. g4 Nhf6 13. h3 h6 14. Ng3 Nh7 15. Nf5 Bg5 16. Nxg5 hxg5 17. Be3 Bc8 18. Qc1 Ndf8 19. c5 Ng6 20. Bb5 Rf8 21. cxd6 cxd6 22. Bc6 Rb8 23. Qa3 Nf4 24. Kh2 Qf6 25. Qxa7 Bxf5 0-1

[Event "POL-chT U19 2nd League"]
[Site "Krynica"]
[Date "2001.??.??"]
[Round "6"]
[White "Moldawski, Tomasz"]
[Black "Trabszys, Tomasz"]
[Result "0-1"]
[WhiteElo "2105"]
[BlackElo "2200"]
[PlyCount "40"]
[EventDate "2001.07.16"]
[EventType "team-swiss"]
[EventRounds "11"]
[EventCountry "POL"]
[SourceTitle "EXT 2003"]
[Source "ChessBase"]
[SourceDate "2002.11.25"]
[SourceVersion "1"]
[SourceVersionDate "2002.11.25"]
[SourceQuality "1"]
[WhiteTeam "Wisla Strumien U19"]
[BlackTeam "Torun Apator U19"]
[WhiteTeamCountry "POL"]
[BlackTeamCountry "POL"]

1. e4 e6 2. d4 b6 3. Nc3 Bb7 4. f4 Bb4 5. Bd3 f5 6. Qe2 Nf6 7. exf5 0-0 8. Nf3 exf5 9. 0-0 Re8 10. Qd1 Ne4 11. Bd2 Bxc3 12. Bxc3 d6 13. Bc4+ Kh8 14. Be1 Ba6 15. Bxa6 Nxa6 16. Qd3 Nb8 17. Bh4 Qd7 18. d5 Qf7 19. b4 Nd7 20. Rae1 a5 0-1

[Event "POL-chT U19 2nd League"]
[Site "Krynica"]
[Date "2001.??.??"]
[Round "1"]
[White "Trabszys, Tomasz"]
[Black "Blasik, Wojciech"]
[Result "1/2-1/2"]
[WhiteElo "2200"]
[BlackElo "2190"]
[PlyCount "40"]
[EventDate "2001.07.16"]
[EventType "team-swiss"]
[EventRounds "11"]
[EventCountry "POL"]
[SourceTitle "EXT 2003"]
[Source "ChessBase"]
[SourceDate "2002.11.25"]
[SourceVersion "1"]
[SourceVersionDate "2002.11.25"]
[SourceQuality "1"]
[WhiteTeam "Torun Apator U19"]
[BlackTeam "Bydgoszcz Hetman U19"]
[WhiteTeamCountry "POL"]
[BlackTeamCountry "POL"]

1. d4 Nf6 2. Nf3 e6 3. c4 Bb4+ 4. Bd2 Qe7 5. Qc2 Bxd2+ 6. Nbxd2 0-0 7. e4 d6 8. e5 dxe5 9. dxe5 Nfd7 10. Bd3 h6 11. 0-0 Nc6 12. Qc3 Rd8 13. Rfe1 Nc5 14. Bc2 a5 15. Ne4 b6 16. Qe3 Nd7 17. Nd6 cxd6 18. Qe4 Nf8 19. Qxc6 Bb7 20. Qxb6 Bxf3 1/2-1/2

[Event "POL-chT U19 2nd League"]
[Site "Krynica"]
[Date "2001.??.??"]
[Round "3"]
[White "Trabszys, Tomasz"]
[Black "Czakon, Jakub"]
[Result "1-0"]
[WhiteElo "2200"]
[BlackElo "2120"]
[PlyCount "41"]
[EventDate "2001.07.16"]
[EventType "team-swiss"]
[EventRounds "11"]
[EventCountry "POL"]
[SourceTitle "EXT 2003"]
[Source "ChessBase"]
[SourceDate "2002.11.25"]
[SourceVersion "1"]
[SourceVersionDate "2002.11.25"]
[SourceQuality "1"]
[WhiteTeam "Torun Apator U19"]
[BlackTeam "Katowice Start U19"]
[WhiteTeamCountry "POL"]
[BlackTeamCountry "POL"]

1. e4 c5 2. c3 Nf6 3. e5 Nd5 4. d4 cxd4 5. Nf3 e6 6. Bc4 Nb6 7. Bb3 dxc3 8. Nxc3 d5 9. Bg5 Be7 10. h4 a6 11. Bxe7 Qxe7 12. Qd4 N6d7 13. Qg4 f5 14. Qf4 Nc5 15. Bc2 0-0 16. g4 Ne4 17. gxf5 Rxf5 18. Qe3 Qb4 19. 0-0-0 Qf8 20. Nxe4 Rxf3 21. Nf6+ 1-0

[Event "POL-ch U16"]
[Site "Wisla"]
[Date "2000.??.??"]
[Round "2"]
[White "Skrzypnik, Maciej"]
[Black "Trabszys, Tomasz"]
[Result "1-0"]
[WhiteElo "2238"]
[BlackElo "2079"]
[PlyCount "63"]
[EventDate "2000.02.26"]
[EventType "swiss"]
[EventRounds "10"]
[EventCountry "POL"]
[SourceTitle "EXT 2005"]
[Source "ChessBase"]
[SourceDate "2004.11.15"]
[SourceVersion "1"]
[SourceVersionDate "2004.11.15"]
[SourceQuality "1"]

1. e4 e6 2. d4 b6 3. Nf3 Bb7 4. Bd3 d6 5. 0-0 Nd7 6. Nc3 Be7 7. Ne2 c5 8. c3 Qc7 9. a4 Ngf6 10. Ng3 h5 11. h4 c4 12. Bc2 0-0-0 13. a5 bxa5 14. Ng5 Rdf8 15. d5 exd5 16. Nf5 Ne5 17. Nxe7+ Qxe7 18. Rxa5 Nxe4 19. Rxa7 Nxg5 20. Bxg5 f6 21. Be3 Re8 22. Bf5+ Kb8 23. Qa4 d4 24. Ra1 Nc6 25. Bxd4 Nxd4 26. Ra8+ Kc7 27. Qa5+ Kc6 28. Ra6+ Bxa6 29. Qxa6+ Kc7 30. Qa7+ Kc6 31. Ra6+ Kd5 32. Qxd4# 1-0

[Event "POL-ch U16"]
[Site "Wisla"]
[Date "2000.??.??"]
[Round "5"]
[White "Trabszys, Tomasz"]
[Black "Debowiak, Marcin"]
[Result "1-0"]
[WhiteElo "2079"]
[BlackElo "2114"]
[PlyCount "93"]
[EventDate "2000.02.26"]
[EventType "swiss"]
[EventRounds "10"]
[EventCountry "POL"]
[SourceTitle "EXT 2005"]
[Source "ChessBase"]
[SourceDate "2004.11.15"]
[SourceVersion "1"]
[SourceVersionDate "2004.11.15"]
[SourceQuality "1"]

1. Nf3 e6 2. g3 f5 3. Bg2 Nf6 4. d4 d5 5. 0-0 Bd6 6. b3 Qe7 7. c4 c6 8. a4 0-0 9. Ba3 Nbd7 10. Bxd6 Qxd6 11. Nc3 b6 12. cxd5 exd5 13. Qd3 Ne4 14. a5 Nxc3 15. Qxc3 Ba6 16. Ra2 Bb5 17. Rfa1 Rae8 18. axb6 axb6 19. e3 h6 20. h4 Nf6 21. Ra7 Ng4 22. R1a2 Re7 23. Bh3 Rxa7 24. Rxa7 Qe6 25. Qc2 Rf7 26. Rxf7 Qxf7 27. Bxg4 fxg4 28. Ne5 Qe6 29. Qg6 Qxg6 30. Nxg6 h5 31. Ne7+ Kf7 32. Nc8 Ke6 33. Nxb6 Kf5 34. Nd7 Ke4 35. Nc5+ Kf5 36. Kg2 Be2 37. Nb7 Ke4 38. Nd6+ Kd3 39. Nf5 g6 40. Ne7 Kc3 41. Nxg6 Kxb3 42. Nf4 Bf3+ 43. Kf1 Kb4 44. Nxh5 c5 45. dxc5 Kxc5 46. Nf4 Kd6 47. Ne2 1-0